00637nam a2200145Ia 4500008004100000050002400041100003200065245012400097260008600221300002800307521002300335942000700358999001900365952010700384140724s9999 xx 000 0 und d aPN 4700b.B826 2006 aBravo, Patricia Cristina V. 4aThe effectiveness of the Nontraditional advertising activities used in the Roving Cinema /cPatricia Cristina V. Bravo. aLas Piñas, Philippines :bSouthville International School and Colleges,cc2006. a37 p. :bill. ;c28 cm. aMass Communication cTH c228890d228890 001040aCLbCLcTHESESd2014-07-24l0oPN 4700 .B826 2006pT0244r2018-05-15 00:00:00w2014-07-24yTH